000
00229nam a22000857a 4500
008
160912b xxu||||| |||| 00| 0 eng d
100
_9
367
_a
NCERT
245
_a
Teacher Education for Curriculum Renewal
260
_a
New Delhi
_b
NCERT
_c
2006
999
_c
3026
_d
3026